| 000 | 01191nam0a2200361 i 4500 | ||
|---|---|---|---|
| 001 | RU\NLR\BIBL_A\010027576 | ||
| 005 | 20240726103154.0 | ||
| 010 |
_a9785917230719 _9500 |
||
| 021 |
_aRU _b2013-98973 _96866 |
||
| 035 | _a(NILC)RuMoRGB-006708971 | ||
| 035 | _a(NLR Aleph) 010027576 | ||
| 090 |
_a9932336 _c9932336 |
||
| 100 | _a20140203d2013 u y0rusy50 ca | ||
| 101 | 0 | _arus | |
| 102 | _aRU | ||
| 105 | _ac|||z|||001gy | ||
| 200 | 1 |
_aКорни _e[поэтический сборник] _fАлександр Люкин |
|
| 210 |
_aНижний Новгород _cБИКАР _d2013 |
||
| 215 |
_a72, [1] с. _cпортр. _d20 |
||
| 300 | _aНа 3-й с. авт.: А.И. Люкин, поэт | ||
| 320 | _aДр. произведения авт. на 4-й с. | ||
| 333 | _a16+ | ||
| 675 | _a821.161.1-1 | ||
| 686 | 2 | _aШ6(2=Р)75-5 | |
| 700 | 1 |
_aЛюкин _bА. И. _f1919-1968 _gАлександр Иванович |
|
| 801 | 0 |
_aRU _bRuMoRKP _c20131209 _gRCR |
|
| 801 | 2 |
_aRU _bРГБ _c20131226 _grcr |
|
| 801 | 1 |
_aRU _bRuMoRKP _c20131209 _2rusmarc |
|
| 942 | _cBOOK | ||
| 980 | _aNBR | ||